Statistiques concernant Capitales commencant par un A

Cliquez ici pour prendre le quiz!

Statistiques générales

  • Ce quiz a été pris 2 312 fois
  • Le résultat moyen est 8 sur 16

Statistiques - réponses

Réponse% Correct
Alger
69%
Ankara
66%
Antananarivo
63%
Amsterdam
58%
Andorre-la-Vieille
55%
Astana
54%
Accra
52%
Addis-Abeba
50%
Asuncion
49%
Athènes
48%
Amman
44%
Abuja
42%
Asmara
42%
Apia
36%
Abou Dabi
34%
Achgabat
34%

Distribution des résultats

Percentile par nombre de réponses

% des personnes avec chaque résultat

Votre développement - résultats

Vous n’avez pas pris ce quiz